00766nam a22002417a 450000500170000001000130001702000230003003500130005303700160006604000120008208200160009410000300011024501020014025000110024226000460025327000480029930000380034750000330038565000220041865000370044070000250047770000220050220170124105955.0 aA-999413 c275.00a8120315561 aA-999413 bCen Lib/Ret aDPLbEN a004.16bMEY aMeyer, Marilyn Wertheimer aComputers your future /cby Marilyn Wertheimer Meyer, Roberta L. Baber [and] Bryan Pfaffenberger  a3rd ed aNew Delhi bPrentice Hall of India c1999 aM-97, Connaught Circus bNew Delhi e110001 avarious pagings ;c24cm(Hb)bill. aIncludes appendix and index  aComputer Science  aComputer & information literacy  aPfaffenberger, Bryan aBaber, Roberta L.